000 00436ntaaa2200181 4500
003 01
005 20251027201806.0
008 0714s1973 ag 01
040 _aAR-BaBN
_bspa
_cAR-BaBN
_eaacr
_dRIC
082 _a242.0000 M26
100 _aM., B.
_916358
245 _aSeed thoughts for daily meditation
250 _a1 ed.
260 _aCoventry :
_bW. Curtis,
_cs.f.
300 _a17 p
650 _ameditaciones
_95341
942 _cBK
999 _c12578
_d12578